C# programming (Record no. 176464)

000 -LEADER
fixed length control field 00920 a2200181 4500
003 - CONTROL NUMBER IDENTIFIER
control field Nust
005 - DATE AND TIME OF LATEST TRANSACTION
control field 20220815085717.0
020 ## - INTERNATIONAL STANDARD BOOK NUMBER
International Standard Book Number 8129706725
040 ## - CATALOGING SOURCE
Transcribing agency Nust
082 ## - DEWEY DECIMAL CLASSIFICATION NUMBER
Classification number 005.133,HOF
100 ## - MAIN ENTRY--PERSONAL NAME
Personal name Hoffman,Kevin
9 (RLIN) 97074
245 ## - TITLE STATEMENT
Title C# programming
Remainder of title Evolution /
Statement of responsibility, etc. Kevin Hoffman
260 ## - PUBLICATION, DISTRIBUTION, ETC.
Place of publication, distribution, etc. India
Name of publisher, distributor, etc. Pearson
Date of publication, distribution, etc. 2004
300 ## - PHYSICAL DESCRIPTION
Extent 305p
505 ## - FORMATTED CONTENTS NOTE
Formatted contents note Introduction (Page-1), Setting up your Development Environment (Page-9), Using the Survey Development Suite (Page-29), Exploring the Code of the Survey Development Suite (Page-51), Experimenting with the Code for the Survey Development Suite (Page-113), Customizing Survey Repository (Page-143), Customizing Survey Development Studio (Page-117), Customizing Pocket survey (Page-205), Improving the Code of the Survey Development Suite (Page-231), Extending the Survey Development Suite (Page-267),
650 ## - SUBJECT ADDED ENTRY--TOPICAL TERM
Topical term or geographic name entry element programming
9 (RLIN) 96244
942 ## - ADDED ENTRY ELEMENTS (KOHA)
Source of classification or shelving scheme
Koha item type Book
Call number prefix 005.133,HOF
Holdings
Withdrawn status Lost status Source of classification or shelving scheme Damaged status Not for loan Permanent Location Current Location Shelving location Date acquired Full call number Barcode Date last seen Price effective from Koha item type Public note
          Military College of Signals (MCS) Military College of Signals (MCS) General Stacks 12/12/2016 005.133,HOF MCS31133 12/08/2016 12/12/2016 Book Almirah No.4, Shelf No.5
© 2023 Central Library, National University of Sciences and Technology. All Rights Reserved.